000 01208nam a2200337 i 4500
003 EG-GICUC
005 20260513150328.0
008 260513s1997 ua |||fr|||| 00| 0 ara d
017 _a10997/97
040 _a EG-GICUC
_bara
_c EG-GICUC
_d EG-GICUC
_erda
041 0 _aara
082 0 4 _a343.415
_bا س . ش
_221
092 0 4 _221
099 _aLaw1 10 343.415 ا س . ش 1997
100 0 _aاسماعيل الخلفى
_eمؤلف.
245 1 0 _aشرح قانون الكسب غير المشروع /
_cتأليف اسماعيل الخلفى .
264 1 _aالقاهرة :
_bمكتبة كوميت،
_c1997.
300 _a279 ؛صفحة
_c24 سم.
336 _2rda content
_atext
337 _2rda media
_aComputer
338 _2rda carrier
_aOnline Resource
500 _aإهداء من حسن على
504 _aببليوجرافيات : صفحات 272 - 273.
546 _aالنص باللغة العربية
650 1 4 _aقانون العقوبات شأن الكسب غير المشروع.
_2qrmak
650 1 4 _aالقانون الجنائي
_2qrmak
651 1 _2qrmak
856 4 0 _uhttps://fll.law.cu.edu.eg/fulltext/bks/B10-12023.pdf
905 _a54
942 _2ddc
_n0
_cBK
_e21
999 _c76765
_d76765